000
00326nam a2200133Ia 4500
008
100328s9999 xx 000 0 und d
082
_b
50796
100
_a
तिबिले अनंत
245
_a
शर्थ.
260
_b
युनिटी
630
_a
शर्थ.
730
_a
शर्थ.
942
_c
BOOK
999
_c
537871
_d
537868